| 000 | 00755nam a2200205 4500 | ||
|---|---|---|---|
| 999 |
_c372040 _d372040 |
||
| 008 | 210108b ||||| |||| 00| 0 eng d | ||
| 040 |
_aDE-2950 _bger _cDE-2950 _erda |
||
| 041 | _ager | ||
| 245 |
_aWohnen im ehemaligen Gaswerk / _cAndreas Thierbach |
||
| 264 | _c2022 | ||
| 500 | _aenthält: Foto Kaisersaal der Aktienbrauerei um 1907 | ||
| 653 | _aFrankfurt (Oder) | ||
| 653 | _aGaswerk | ||
| 653 | _aWohnungsbauprojekt | ||
| 773 |
_dFrankfurt (Oder): Stadt Frankfurt (Oder) und Büro für Stadtplanung, -forschung und -erneuerung _g(2022), Nr. 31, Dezember, S.4-5: Fotos _tZentrum: Zeitschrift für das Sanierungsgebiet ehemalige Altstadt Frankfurt (Oder) |
||
| 942 | _cA | ||